000 00793nam a2200337Ia 4500
001 8195
008 191123s9999 xx 000 0 und d
041 _aspa
044 _aag
245 0 _aGrupo 6.
260 _aBuenos Aires :
_bFundación Andreani,
_c2000.
650 _aARTE BA 2000
650 _aBILLOIR, OLGA
650 _aDIAZ RINALDI, ALICIA
650 _aGRABADORES
650 _aMANESI, OSCAR
650 _aMARIN, MATILDE
650 _aMAZA, ZULEMA
650 _aZAR, GRACIELA
710 _aFundación Andreani. Buenos Aires. Argentina.
902 _aM
903 _am
904 _am
907 _aimpreso
911 _afolleto triptico
912 _a2000
942 _cLIBRO
999 _c5890
_d5890
550 _afolleto triptico
300 _bfolleto triptico